000 00296 a2200121 4500
001 147005
040 _cEscola São Tomás de Aquino
100 _aCOELHO, Ronaldo Simões
240 1 0 _a Dormir fora de casa
_lpor
245 1 0 _a Dormir fora de casa
697 _a*LITERATURA INFANTIL
942 _cBK
999 _c147005
_d147005